000 01041aam a2200337 i 4500
999 _c38189
_d38189
001 768714001
003 CO-MdFUSB
005 20200810144953.0
007 ta
008 200810t1980 sp |||| |||| 00| 0 spa d
020 _a8472285103
040 _bspa.
_aCO-MdFUSB
_cCO-MdFUSB
_dCO-MdFUSBC
_erda
041 _aspa
082 0 4 _223
_a268.47
_bW9471e
100 1 _aWright, H. Norman
_eautor
240 _aWays to help them learn
245 1 0 _aEnseñando a los adultos
_c/ Norman Wright ; traducido por Bárbara Marcos
264 1 _aBarcelona, España :
_bClie,
_c[1980]
264 4 _c© 1980
300 _a189 Páginas
_c; 18 cm
336 _atexto
_btxt
_2rdacontent
337 _2rdamedia
_asin mediación
_bn
338 _2rdacarrier
_avolumen
_bnc
490 _aManual para maestros de adultos
505 _aAdultos- quiénes son ellos. -- Adultos- cómo aprenden.
563 _aRústico
650 7 _9349
_aEducación cristiana
700 _94769
_aMarcos, Bárbara.
_etraductor
942 _cBK
945 _aJTF-925